[Event "5. Open Ciudad de Tres Cantos 2013"]
[Site "Tres Cantos ESP"]
[Date "2013.06.21"]
[Round "1.29"]
[White "Brull Cortes, Boris"]
[Black "Martin Rodriguez, Jose Luis"]
[Result "1-0"]
[WhiteElo "1992"]
[BlackElo "1454"]
[PlyCount "57"]
[EventDate "2013.06.21"]
[EventType "swiss"]
[EventRounds "9"]
[EventCountry "ESP"]
[SourceTitle "Ajedrez en Madrid"]
[Source "lmi"]
[SourceDate "2013.06.21"]
[SourceVersion "1"]
[SourceVersionDate "2013.06.27"]
[SourceQuality "1"]

1. d4 Nf6 2. Nc3 e6 3. e4 Bb4 4. Bd3 c5 5. Nge2 cxd4 6. Nxd4 e5 7. Nf5 Bf8 8.
O-O d5 9. exd5 Bxf5 10. Bxf5 Bd6 11. Bg5 h6 12. Bxf6 Qxf6 13. Ne4 Qd8 14. c4
O-O 15. c5 Be7 16. Qb3 b6 17. d6 Bf6 18. Nxf6+ Qxf6 19. Be4 Nd7 20. Bxa8 Nxc5
21. Qd5 Qd8 22. Bc6 Nd7 23. Bxd7 Qxd7 24. Rac1 Rd8 25. Rc7 Qe6 26. Qxe6 fxe6
27. Rd1 Kf8 28. Rxa7 g5 29. Kf1 1-0

[Event "5. Open Ciudad de Tres Cantos 2013"]
[Site "Tres Cantos ESP"]
[Date "2013.06.21"]
[Round "1.30"]
[White "Fernandez Munoz, Jesus Norbert"]
[Black "Cano Cabanillas, Javier"]
[Result "0-1"]
[WhiteElo "1439"]
[BlackElo "1991"]
[PlyCount "34"]
[EventDate "2013.06.21"]
[EventType "swiss"]
[EventRounds "9"]
[EventCountry "ESP"]
[SourceTitle "Ajedrez en Madrid"]
[Source "lmi"]
[SourceDate "2013.06.21"]
[SourceVersion "1"]
[SourceVersionDate "2013.06.27"]
[SourceQuality "1"]

1. e4 e6 2. f4 d5 3. Qf3 dxe4 4. Qxe4 Nf6 5. Qf3 Bc5 6. Nc3 Nc6 7. Bb5 Bd7 8.
Bxc6 Bxc6 9. Qe2 O-O 10. d3 Re8 11. Bd2 e5 12. f5 e4 13. O-O-O exd3 14. Qf1
dxc2 15. Kxc2 Nd5 16. Nce2 Nb4+ 17. Kb1 Qd3+ 0-1

[Event "5. Open Ciudad de Tres Cantos 2013"]
[Site "Tres Cantos ESP"]
[Date "2013.06.21"]
[Round "1.31"]
[White "Esquivias Gomez, Francisco J"]
[Black "Munoz Blazquez, Jose"]
[Result "1-0"]
[WhiteElo "1969"]
[BlackElo "1425"]
[PlyCount "45"]
[EventDate "2013.06.21"]
[EventType "swiss"]
[EventRounds "9"]
[EventCountry "ESP"]
[SourceTitle "Ajedrez en Madrid"]
[Source "lmi"]
[SourceDate "2013.06.21"]
[SourceVersion "1"]
[SourceVersionDate "2013.06.27"]
[SourceQuality "1"]

1. e4 e5 2. d4 exd4 3. Nf3 Nc6 4. Bc4 Be7 5. c3 dxc3 6. Qd5 Nh6 7. Bxh6 O-O 8.
Nxc3 gxh6 9. O-O d6 10. Qh5 Be6 11. Nd5 Kg7 12. Ne3 Bxc4 13. Nxc4 Bf6 14. Ne3
Ne7 15. Ng4 Ng8 16. h4 b6 17. Rad1 Re8 18. e5 Be7 19. Nd4 Bxh4 20. Nf5+ Kf8 21.
Ngxh6 Qd7 22. Qxh4 Rxe5 23. Qg5 1-0

[Event "5. Open Ciudad de Tres Cantos 2013"]
[Site "Tres Cantos ESP"]
[Date "2013.06.21"]
[Round "1.34"]
[White "Jarne Anguita, Miguel"]
[Black "Ruiz Sanchez, Roberto"]
[Result "0-1"]
[WhiteElo "1374"]
[BlackElo "1953"]
[PlyCount "58"]
[EventDate "2013.06.21"]
[EventType "swiss"]
[EventRounds "9"]
[EventCountry "ESP"]
[SourceTitle "Ajedrez en Madrid"]
[Source "lmi"]
[SourceDate "2013.06.21"]
[SourceVersion "1"]
[SourceVersionDate "2013.06.27"]
[SourceQuality "1"]

1. d4 d5 2. Nf3 Nf6 3. e3 c5 4. Bd3 Nc6 5. a3 Bg4 6. Be2 e6 7. O-O Bd6 8. b3
O-O 9. Bb2 Qc7 10. Nbd2 Rac8 11. c4 dxc4 12. bxc4 Qe7 13. Qc2 Rfd8 14. Bd3 Bh5
15. dxc5 Bxc5 16. Bxf6 gxf6 17. Bxh7+ Kg7 18. Bd3 Bxa3 19. Be2 Bb4 20. Ne4 a5
21. Ne1 Bg6 22. Bf3 Ne5 23. Be2 Rd2 24. Qxd2 Bxd2 25. Nxd2 Rd8 26. Nb3 b6 27.
Nd4 Qc5 28. Nb3 Qb4 29. Rb1 Bxb1 0-1

[Event "5. Open Ciudad de Tres Cantos 2013"]
[Site "Tres Cantos ESP"]
[Date "2013.06.21"]
[Round "1.37"]
[White "Crespo Villalba, Israel"]
[Black "Picazo Sancho, Carolina"]
[Result "1-0"]
[WhiteElo "1908"]
[BlackElo "1299"]
[PlyCount "41"]
[EventDate "2013.06.21"]
[EventType "swiss"]
[EventRounds "9"]
[EventCountry "ESP"]
[SourceTitle "Ajedrez en Madrid"]
[Source "lmi"]
[SourceDate "2013.06.21"]
[SourceVersion "1"]
[SourceVersionDate "2013.06.27"]
[SourceQuality "1"]

1. d4 Nf6 2. c4 e6 3. Nf3 d5 4. cxd5 exd5 5. g3 Nc6 6. Bg2 Bb4+ 7. Bd2 Ne4 8.
Bxb4 Nxb4 9. a3 Nc6 10. O-O O-O 11. Nbd2 Nxd2 12. Qxd2 f6 13. Rac1 Qe8 14. b4
a6 15. Rfe1 Qg6 16. Nh4 Qg4 17. Bxd5+ Kh8 18. e3 Qh3 19. Bg2 Qd7 20. Rc2 b6 21.
Bxc6 1-0

[Event "5. Open Ciudad de Tres Cantos 2013"]
[Site "Tres Cantos ESP"]
[Date "2013.06.21"]
[Round "1.39"]
[White "Fernandez Aransay, Fernando"]
[Black "Marni De La Cuesta, Antenore"]
[Result "1-0"]
[WhiteElo "1889"]
[BlackElo "1243"]
[PlyCount "49"]
[EventDate "2013.06.21"]
[EventType "swiss"]
[EventRounds "9"]
[EventCountry "ESP"]
[SourceTitle "Ajedrez en Madrid"]
[Source "lmi"]
[SourceDate "2013.06.21"]
[SourceVersion "1"]
[SourceVersionDate "2013.06.27"]
[SourceQuality "1"]

1. e4 c5 2. Nf3 d6 3. d4 cxd4 4. Nxd4 Nf6 5. Nc3 a6 6. Bc4 e6 7. Bb3 Be7 8. Be3
O-O 9. f3 Qc7 10. Qd2 h6 11. O-O-O Nc6 12. g4 Ne5 13. g5 hxg5 14. Bxg5 Nh7 15.
Bxe7 Qxe7 16. f4 Ng4 17. Rhg1 Qh4 18. Qg2 Nhf6 19. e5 Ne8 20. Qxg4 Qxh2 21. Rh1
f5 22. Qf3 Qh7 23. Rxh7 Kxh7 24. Qh5+ Kg8 25. Nxe6 1-0

[Event "5. Open Ciudad de Tres Cantos 2013"]
[Site "Tres Cantos ESP"]
[Date "2013.06.21"]
[Round "1.40"]
[White "Fernandez Rios, Jose Francisco"]
[Black "Camarero Izquierdo, Juan Carlo"]
[Result "1/2-1/2"]
[WhiteElo "2005"]
[BlackElo "1884"]
[PlyCount "67"]
[EventDate "2013.06.21"]
[EventType "swiss"]
[EventRounds "9"]
[EventCountry "ESP"]
[SourceTitle "Ajedrez en Madrid"]
[Source "lmi"]
[SourceDate "2013.06.21"]
[SourceVersion "1"]
[SourceVersionDate "2013.06.27"]
[SourceQuality "1"]

1. d4 Nf6 2. c4 g6 3. Nc3 Bg7 4. Nf3 O-O 5. Bf4 d6 6. e3 Nc6 7. Be2 a5 8. O-O
Nd7 9. h3 e5 10. Bh2 f5 11. a3 e4 12. Nd2 Nf6 13. Qc2 Ne7 14. b4 g5 15. f3 d5
16. Nxd5 Nexd5 17. cxd5 Nxd5 18. Bc4 Be6 19. Bxd5 Qxd5 20. fxe4 fxe4 21. Qxe4
Rxf1+ 22. Rxf1 axb4 23. axb4 Ra2 24. Qxd5 Bxd5 25. Nf3 c6 26. Rf2 Ra1+ 27. Rf1
Ra2 28. Rf2 g4 29. Rxa2 Bxa2 30. Ne5 gxh3 31. gxh3 Bf8 32. Nd3 Kf7 33. Nc5 b5
34. Kf2 1/2-1/2

[Event "5. Open Ciudad de Tres Cantos 2013"]
[Site "Tres Cantos ESP"]
[Date "2013.06.22"]
[Round "2.1"]
[White "Del Rio De Angelis, Salvador G"]
[Black "Esquivias Gomez, Francisco J"]
[Result "1-0"]
[WhiteElo "2505"]
[BlackElo "1969"]
[PlyCount "85"]
[EventDate "2013.06.21"]
[EventType "swiss"]
[EventRounds "9"]
[EventCountry "ESP"]
[SourceTitle "Ajedrez en Madrid"]
[Source "lmi"]
[SourceDate "2013.06.21"]
[SourceVersion "1"]
[SourceVersionDate "2013.06.27"]
[SourceQuality "1"]

1. d4 d5 2. c4 c6 3. Nf3 Nf6 4. Nc3 dxc4 5. a4 Bf5 6. Nh4 e6 7. Nxf5 exf5 8. e3
Bb4 9. Bxc4 O-O 10. Qc2 g6 11. O-O Nbd7 12. f3 a5 13. Bb3 Qb6 14. Kh1 Rac8 15.
e4 c5 16. Bh6 c4 17. Ba2 Rfe8 18. e5 Bxc3 19. bxc3 Nd5 20. Rab1 Qc6 21. Bd2 b6
22. Rb5 Nf8 23. f4 Ne6 24. Qd1 Nec7 25. Rb2 Kg7 26. Bb1 b5 27. axb5 Nxb5 28.
Qf3 Rb8 29. Ra2 a4 30. Bc2 a3 31. g4 fxg4 32. Qg2 Qd7 33. Ba4 Ra8 34. Rxa3 Rxa4
35. Rxa4 Nxd4 36. cxd4 Qxa4 37. Qxd5 Qc2 38. Bc1 Qd3 39. Kg1 c3 40. Re1 c2 41.
Qe4 Qd1 42. d5 Rb8 43. e6 1-0

[Event "5. Open Ciudad de Tres Cantos 2013"]
[Site "Tres Cantos ESP"]
[Date "2013.06.22"]
[Round "2.2"]
[White "Rubio Mejia, Luis Ignacio"]
[Black "Dierssen Garcia-Barredo, Guill"]
[Result "1-0"]
[WhiteElo "2451"]
[BlackElo "1918"]
[PlyCount "61"]
[EventDate "2013.06.21"]
[EventType "swiss"]
[EventRounds "9"]
[EventCountry "ESP"]
[SourceTitle "Ajedrez en Madrid"]
[Source "lmi"]
[SourceDate "2013.06.21"]
[SourceVersion "1"]
[SourceVersionDate "2013.06.27"]
[SourceQuality "1"]

1. d4 Nf6 2. c4 e6 3. Nc3 Bb4 4. e3 b6 5. Nge2 Ba6 6. Ng3 Bxc3+ 7. bxc3 d5 8.
Ba3 Bxc4 9. Bxc4 dxc4 10. Qa4+ Qd7 11. Qxc4 Qc6 12. Qxc6+ Nxc6 13. c4 O-O-O 14.
Ke2 Rd7 15. Rhc1 Kb7 16. Rab1 Rhd8 17. f3 Nb8 18. Rc2 Re8 19. Kf2 c6 20. Bb2
Na6 21. e4 e5 22. d5 Nc5 23. Ba3 Nd3+ 24. Ke3 Nf4 25. Nf5 Kc7 26. Nxg7 Rg8 27.
Bb2 Ng6 28. Nf5 c5 29. a4 a5 30. Bc3 Ne8 31. Rcb2 1-0

[Event "5. Open Ciudad de Tres Cantos 2013"]
[Site "Tres Cantos ESP"]
[Date "2013.06.22"]
[Round "2.3"]
[White "Renteria, Jorge"]
[Black "Crespo Villalba, Israel"]
[Result "1-0"]
[WhiteElo "2319"]
[BlackElo "1908"]
[PlyCount "93"]
[EventDate "2013.06.21"]
[EventType "swiss"]
[EventRounds "9"]
[EventCountry "ESP"]
[SourceTitle "Ajedrez en Madrid"]
[Source "lmi"]
[SourceDate "2013.06.21"]
[SourceVersion "1"]
[SourceVersionDate "2013.06.27"]
[SourceQuality "1"]

1. e4 d6 2. d4 Nf6 3. Nc3 g6 4. Bg5 Bg7 5. e5 Nfd7 6. exd6 cxd6 7. Qd2 O-O 8.
Nf3 Nf6 9. h3 a6 10. a4 b6 11. Be2 Bb7 12. O-O Nbd7 13. Bh6 e5 14. Bxg7 Kxg7
15. dxe5 dxe5 16. Rad1 Qe7 17. Qd6 Rfe8 18. Qxe7 Rxe7 19. Nd2 Nd5 20. Nxd5 Bxd5
21. Nc4 Bxc4 22. Bxc4 Nc5 23. b3 Rb8 24. Rd5 a5 25. Rfd1 Rc8 26. Rd8 Rcc7 27.
Bd5 Ne6 28. Bxe6 Rxe6 29. c4 e4 30. R1d6 Rc6 31. Rxc6 Rxc6 32. Kf1 Kf6 33. Ke2
Ke7 34. Rd4 f5 35. Rd5 f4 36. g3 fxg3 37. fxg3 Re6 38. Ke3 Kf6 39. c5 bxc5 40.
Rxc5 Re5 41. Rc4 Kf5 42. g4+ Ke6 43. Rxe4 Kd5 44. Rxe5+ Kxe5 45. g5 Kf5 46. b4
axb4 47. a5 1-0

[Event "5. Open Ciudad de Tres Cantos 2013"]
[Site "Tres Cantos ESP"]
[Date "2013.06.22"]
[Round "2.4"]
[White "Lopez Heras, Arturo"]
[Black "Rabadan Velasco, Raul"]
[Result "0-1"]
[WhiteElo "1960"]
[BlackElo "2287"]
[PlyCount "54"]
[EventDate "2013.06.21"]
[EventType "swiss"]
[EventRounds "9"]
[EventCountry "ESP"]
[SourceTitle "Ajedrez en Madrid"]
[Source "lmi"]
[SourceDate "2013.06.21"]
[SourceVersion "1"]
[SourceVersionDate "2013.06.27"]
[SourceQuality "1"]

1. e4 c5 2. Nf3 d6 3. d4 cxd4 4. Nxd4 Nf6 5. Nc3 a6 6. Be3 e6 7. f3 h5 8. Qd2
b5 9. O-O-O Nbd7 10. h3 Bb7 11. Bd3 h4 12. f4 b4 13. Na4 Qa5 14. b3 Nxe4 15.
Bxe4 Bxe4 16. Rhe1 Rc8 17. Bg1 Nf6 18. Re2 d5 19. Qe1 Qc7 20. Qf2 Bd6 21. Rf1
Nh5 22. Qxh4 Bxf4+ 23. Kb1 g5 24. Qg4 f5 25. Nxf5 exf5 26. Qxf5 Qxc2+ 27. Ka1
Qc1+ 0-1

[Event "5. Open Ciudad de Tres Cantos 2013"]
[Site "Tres Cantos ESP"]
[Date "2013.06.22"]
[Round "2.5"]
[White "Suarez Uriel, Adrian"]
[Black "Fernandez Aransay, Fernando"]
[Result "1-0"]
[WhiteElo "2287"]
[BlackElo "1889"]
[PlyCount "97"]
[EventDate "2013.06.21"]
[EventType "swiss"]
[EventRounds "9"]
[EventCountry "ESP"]
[SourceTitle "Ajedrez en Madrid"]
[Source "lmi"]
[SourceDate "2013.06.21"]
[SourceVersion "1"]
[SourceVersionDate "2013.06.27"]
[SourceQuality "1"]

1. e4 c5 2. Ne2 d6 3. g3 g6 4. Bg2 Bg7 5. c3 Nc6 6. d4 Nf6 7. O-O O-O 8. h3 Qc7
9. Be3 b6 10. f4 Bb7 11. d5 Na5 12. Nd2 b5 13. Rc1 Rab8 14. b4 Nc4 15. Nxc4
bxc4 16. bxc5 dxc5 17. Qa4 Rfc8 18. Rb1 Ne8 19. Qxa7 e6 20. dxe6 fxe6 21. Rb5
Bc6 22. Qxc7 Nxc7 23. Rxc5 Ne8 24. e5 Rb2 25. Rf2 Bd7 26. Rxc8 Bxc8 27. Nd4
Rb1+ 28. Kh2 Bf8 29. Be4 Rd1 30. Rb2 Ng7 31. Rb8 Bd7 32. Nf3 h6 33. Bxg6 Bc6
34. Kg2 Nf5 35. Bxf5 exf5 36. e6 Kg7 37. Bd4+ Rxd4 38. cxd4 Bd5 39. Rc8 Bb4 40.
Kf2 c3 41. a3 Bxa3 42. Rxc3 Be7 43. Re3 Kf6 44. g4 Bxe6 45. g5+ hxg5 46. fxg5+
Kf7 47. Ne5+ Kg7 48. Nc6 Bxg5 49. Rxe6 1-0

[Event "5. Open Ciudad de Tres Cantos 2013"]
[Site "Tres Cantos ESP"]
[Date "2013.06.22"]
[Round "2.6"]
[White "Ruiz Sanchez, Roberto"]
[Black "Martin Duque, Jesus"]
[Result "1-0"]
[WhiteElo "1953"]
[BlackElo "2277"]
[PlyCount "27"]
[EventDate "2013.06.21"]
[EventType "swiss"]
[EventRounds "9"]
[EventCountry "ESP"]
[SourceTitle "Ajedrez en Madrid"]
[Source "lmi"]
[SourceDate "2013.06.21"]
[SourceVersion "1"]
[SourceVersionDate "2013.06.27"]
[SourceQuality "1"]

1. e4 d6 2. d4 Nf6 3. Nc3 g6 4. Nf3 Bg7 5. Be2 O-O 6. O-O c6 7. a4 Nbd7 8. h3
e5 9. Be3 Qe7 10. dxe5 dxe5 11. Bc4 b6 12. Qe2 a6 13. Nh2 Bb7 14. Ng4 1-0

[Event "5. Open Ciudad de Tres Cantos 2013"]
[Site "Tres Cantos ESP"]
[Date "2013.06.22"]
[Round "2.7"]
[White "Mena Corrochano, Alberto"]
[Black "Barroso Barroso, Jorge"]
[Result "1-0"]
[WhiteElo "2176"]
[BlackElo "1867"]
[PlyCount "85"]
[EventDate "2013.06.21"]
[EventType "swiss"]
[EventRounds "9"]
[EventCountry "ESP"]
[SourceTitle "Ajedrez en Madrid"]
[Source "lmi"]
[SourceDate "2013.06.21"]
[SourceVersion "1"]
[SourceVersionDate "2013.06.27"]
[SourceQuality "1"]

1. d4 d5 2. c4 c6 3. Nf3 Nf6 4. Nc3 dxc4 5. g3 g6 6. Bg2 Bg7 7. Ne5 Be6 8. O-O
O-O 9. e4 Nbd7 10. Nf3 Qa5 11. Ng5 Rad8 12. Nxe6 fxe6 13. Qe2 Nb6 14. e5 Nfd5
15. Ne4 Nd7 16. Ng5 Nc7 17. Be4 c5 18. Nxh7 cxd4 19. Nxf8 Rxf8 20. f4 d3 21.
Qg2 Nxe5 22. fxe5 Rxf1+ 23. Kxf1 Bxe5 24. Bf4 Bd4 25. Bxc7 Qxc7 26. Bxb7 Qe5
27. Rb1 Qf5+ 28. Qf3 Qh3+ 29. Qg2 Qf5+ 30. Bf3 e5 31. g4 Qf8 32. Ke1 e6 33. Be4
Qb4+ 34. Kf1 Qf8+ 35. Qf3 Qh6 36. Kg2 Qd2+ 37. Kh1 Qg5 38. Rf1 Qe7 39. Bxg6 Kg7
40. Be4 Bxb2 41. Qh3 Kg8 42. Qh6 Ba3 43. Rf8+ 1-0

[Event "5. Open Ciudad de Tres Cantos 2013"]
[Site "Tres Cantos ESP"]
[Date "2013.06.22"]
[Round "2.8"]
[White "Gonzalez Tedin, Antonio"]
[Black "Magan Gonzalez, Alberto"]
[Result "1-0"]
[WhiteElo "2161"]
[BlackElo "1866"]
[PlyCount "59"]
[EventDate "2013.06.21"]
[EventType "swiss"]
[EventRounds "9"]
[EventCountry "ESP"]
[SourceTitle "Ajedrez en Madrid"]
[Source "lmi"]
[SourceDate "2013.06.21"]
[SourceVersion "1"]
[SourceVersionDate "2013.06.27"]
[SourceQuality "1"]

1. c4 Nf6 2. Nc3 e6 3. e4 d6 4. d4 Be7 5. Nf3 c5 6. d5 e5 7. Be2 Nbd7 8. O-O
O-O 9. Ne1 a6 10. Qc2 h6 11. Nd3 b5 12. cxb5 axb5 13. Nxb5 Nxe4 14. Nxe5 Nxe5
15. Qxe4 f5 16. Qc2 f4 17. f3 Bf5 18. Qd1 g5 19. Bd2 Bf6 20. Bc3 Qd7 21. Qd2 h5
22. a4 h4 23. a5 Kf7 24. a6 Rg8 25. a7 g4 26. Qxf4 Bg5 27. Qxf5+ Qxf5 28. Nxd6+
Kf8 29. Nxf5 gxf3 30. Bxf3 1-0

[Event "5. Open Ciudad de Tres Cantos 2013"]
[Site "Tres Cantos ESP"]
[Date "2013.06.22"]
[Round "2.9"]
[White "Pindado Campos, Raul"]
[Black "Pastor Alonso De Prado, Albert"]
[Result "0-1"]
[WhiteElo "1869"]
[BlackElo "2139"]
[PlyCount "80"]
[EventDate "2013.06.21"]
[EventType "swiss"]
[EventRounds "9"]
[EventCountry "ESP"]
[SourceTitle "Ajedrez en Madrid"]
[Source "lmi"]
[SourceDate "2013.06.21"]
[SourceVersion "1"]
[SourceVersionDate "2013.06.27"]
[SourceQuality "1"]

1. e4 e5 2. f4 exf4 3. Nf3 d6 4. d4 g5 5. Bc4 h6 6. O-O Bg7 7. c3 Nc6 8. h4 g4
9. Nh2 f3 10. Qb3 Qe7 11. Nxg4 Nxd4 12. cxd4 Bxg4 13. Be3 O-O-O 14. g3 Nf6 15.
Nd2 c6 16. Rac1 Nxe4 17. Nxe4 Qxe4 18. Bd5 Qe7 19. Rc3 Be6 20. Rfc1 Kb8 21. Bc4
Rhe8 22. Bf2 c5 23. Rxf3 cxd4 24. Re1 Be5 25. Qd3 Rg8 26. Kh1 Rg4 27. Qe2 Rdg8
28. Rg1 d3 29. Bxd3 Bd5 30. Bf5 Rb4 31. b3 Qc7 32. Bh3 Re4 33. Qd1 Be6 34. Bg2
d5 35. Rf4 Rxf4 36. gxf4 Bxf4 37. Qd4 b6 38. Bxd5 Rd8 39. Rd1 Bxd5+ 40. Qxd5
Rxd5 0-1

[Event "5. Open Ciudad de Tres Cantos 2013"]
[Site "Tres Cantos ESP"]
[Date "2013.06.22"]
[Round "2.10"]
[White "Rodriguez De Castro, Ayar"]
[Black "Hernandez Garcia, Carlos"]
[Result "1-0"]
[WhiteElo "2138"]
[BlackElo "1819"]
[PlyCount "87"]
[EventDate "2013.06.21"]
[EventType "swiss"]
[EventRounds "9"]
[EventCountry "ESP"]
[SourceTitle "Ajedrez en Madrid"]
[Source "lmi"]
[SourceDate "2013.06.21"]
[SourceVersion "1"]
[SourceVersionDate "2013.06.27"]
[SourceQuality "1"]

1. d4 Nf6 2. c4 g6 3. g3 Bg7 4. Bg2 O-O 5. Nf3 d6 6. O-O Nbd7 7. Nc3 c5 8. d5
a6 9. a4 Rb8 10. Bf4 Nh5 11. Bd2 Nb6 12. b3 Nd7 13. Rc1 Nhf6 14. Ne1 Re8 15.
Nd3 Nf8 16. e4 Ng4 17. Bf4 Bd7 18. h3 Nf6 19. e5 Nh5 20. Be3 Bh8 21. Ne4 Bf5
22. g4 Bxe4 23. Bxe4 Ng7 24. f4 f5 25. Bf3 Nd7 26. Rc2 b5 27. Rg2 bxc4 28. bxc4
Rf8 29. h4 fxg4 30. Bxg4 Nf5 31. Bxf5 Rxf5 32. h5 Nf8 33. Qg4 Rf7 34. f5 Qc8
35. e6 Rf6 36. fxg6 Rxf1+ 37. Kxf1 hxg6 38. hxg6 Bg7 39. Qf4 Qe8 40. Qf7+ Qxf7+
41. exf7+ Kh8 42. Rh2+ Bh6 43. Bxh6 Nxg6 44. Bf8+ 1-0

[Event "5. Open Ciudad de Tres Cantos 2013"]
[Site "Tres Cantos ESP"]
[Date "2013.06.22"]
[Round "2.11"]
[White "Nunez Reiz, Antonio"]
[Black "Rodriguez Bernal, Herman"]
[Result "1-0"]
[WhiteElo "2129"]
[BlackElo "1788"]
[PlyCount "55"]
[EventDate "2013.06.21"]
[EventType "swiss"]
[EventRounds "9"]
[EventCountry "ESP"]
[SourceTitle "Ajedrez en Madrid"]
[Source "lmi"]
[SourceDate "2013.06.21"]
[SourceVersion "1"]
[SourceVersionDate "2013.06.27"]
[SourceQuality "1"]

1. e4 d6 2. d4 g6 3. Nc3 Bg7 4. Be2 Nf6 5. Nf3 O-O 6. h3 Nbd7 7. Be3 e5 8. O-O
c6 9. Qd2 d5 10. exd5 e4 11. Nh2 cxd5 12. f3 Nb6 13. fxe4 Nxe4 14. Nxe4 dxe4
15. c4 h6 16. Rad1 g5 17. h4 g4 18. g3 h5 19. b3 Qe7 20. Rf2 Be6 21. Nf1 Rad8
22. Bg5 f6 23. Bh6 Bc8 24. Qf4 Kh7 25. Bxg7 Kxg7 26. Ne3 f5 27. d5 Qf6 28. c5
1-0

[Event "5. Open Ciudad de Tres Cantos 2013"]
[Site "Tres Cantos ESP"]
[Date "2013.06.22"]
[Round "2.12"]
[White "Moreno Ibanez, Miguel"]
[Black "Tronch Ilzarbe, Carlos Maria"]
[Result "1-0"]
[WhiteElo "2117"]
[BlackElo "1787"]
[PlyCount "55"]
[EventDate "2013.06.21"]
[EventType "swiss"]
[EventRounds "9"]
[EventCountry "ESP"]
[SourceTitle "Ajedrez en Madrid"]
[Source "lmi"]
[SourceDate "2013.06.21"]
[SourceVersion "1"]
[SourceVersionDate "2013.06.27"]
[SourceQuality "1"]

1. e4 c5 2. Nf3 d6 3. d4 cxd4 4. Nxd4 Nf6 5. Nc3 a6 6. Bg5 e6 7. f4 Be7 8. Qf3
Qc7 9. O-O-O Nc6 10. Nb3 Bd7 11. g4 Rc8 12. Bh4 Nb4 13. Kb1 Bc6 14. Bd3 Nxd3
15. cxd3 Nxe4 16. dxe4 Bxh4 17. g5 h6 18. g6 f5 19. Nd4 Qd7 20. Qh3 Bf2 21.
Nxc6 Qxc6 22. Rhf1 Qc5 23. exf5 O-O 24. Qd3 d5 25. fxe6 Rxf4 26. Qxd5 Rd4 27.
Qxc5 Rxc5 28. Rxf2 1-0

[Event "5. Open Ciudad de Tres Cantos 2013"]
[Site "Tres Cantos ESP"]
[Date "2013.06.22"]
[Round "2.14"]
[White "Rivera Leon, Mauro Arturo"]
[Black "Balsinde Montemayor, Pablo"]
[Result "1/2-1/2"]
[WhiteElo "2081"]
[BlackElo "1782"]
[PlyCount "50"]
[EventDate "2013.06.21"]
[EventType "swiss"]
[EventRounds "9"]
[EventCountry "ESP"]
[SourceTitle "Ajedrez en Madrid"]
[Source "lmi"]
[SourceDate "2013.06.21"]
[SourceVersion "1"]
[SourceVersionDate "2013.06.27"]
[SourceQuality "1"]

1. c4 c6 2. e4 e5 3. Nf3 d6 4. d4 Bg4 5. dxe5 Bxf3 6. Qxf3 dxe5 7. Be2 Nf6 8.
Nc3 Nbd7 9. O-O Bb4 10. Qg3 Bxc3 11. bxc3 Nxe4 12. Qxg7 Qf6 13. Qxf6 Ndxf6 14.
Re1 O-O-O 15. f3 Nc5 16. Bg5 Rd6 17. Bf1 Nfd7 18. Rad1 Rxd1 19. Rxd1 Na4 20.
Bd2 Rd8 21. Be1 Re8 22. g3 Re7 23. Bd3 Nb2 24. Rd2 Nxd3 25. Rxd3 Nb6 1/2-1/2

[Event "5. Open Ciudad de Tres Cantos 2013"]
[Site "Tres Cantos ESP"]
[Date "2013.06.22"]
[Round "2.15"]
[White "Tevar Sanz, Gonzalo"]
[Black "Cardenas Serrano, Sergio"]
[Result "0-1"]
[WhiteElo "1829"]
[BlackElo "2077"]
[PlyCount "62"]
[EventDate "2013.06.21"]
[EventType "swiss"]
[EventRounds "9"]
[EventCountry "ESP"]
[SourceTitle "Ajedrez en Madrid"]
[Source "lmi"]
[SourceDate "2013.06.21"]
[SourceVersion "1"]
[SourceVersionDate "2013.06.27"]
[SourceQuality "1"]

1. d4 Nf6 2. Bf4 e6 3. e3 c5 4. c3 b6 5. Nf3 Bb7 6. Nbd2 Be7 7. Bd3 cxd4 8.
exd4 d6 9. Bb5+ Nbd7 10. Nc4 Qc7 11. Ncd2 O-O 12. Bd3 Rfe8 13. O-O Bf8 14. Bc2
Rad8 15. Re1 b5 16. Bg5 Rc8 17. a3 Be7 18. Qe2 Qb6 19. Bh4 a5 20. Ng5 b4 21.
Nxf7 Kxf7 22. Qxe6+ Kf8 23. Bxh7 bxc3 24. Ne4 Nxh7 25. Qxd7 Bxe4 26. Rxe4 Bxh4
27. Rxh4 cxb2 28. Qf5+ Nf6 29. Rf1 Rc1 30. Rh8+ Kf7 31. Rxe8 Kxe8 0-1

[Event "5. Open Ciudad de Tres Cantos 2013"]
[Site "Tres Cantos ESP"]
[Date "2013.06.22"]
[Round "2.16"]
[White "Munoz Manzano, Jose Manuel"]
[Black "Vazquez Moreno, Luis"]
[Result "1-0"]
[WhiteElo "2075"]
[BlackElo "1749"]
[PlyCount "117"]
[EventDate "2013.06.21"]
[EventType "swiss"]
[EventRounds "9"]
[EventCountry "ESP"]
[SourceTitle "Ajedrez en Madrid"]
[Source "lmi"]
[SourceDate "2013.06.21"]
[SourceVersion "1"]
[SourceVersionDate "2013.06.27"]
[SourceQuality "1"]

1. c4 Nf6 2. g3 c5 3. Bg2 Nc6 4. Nc3 g6 5. e4 Bg7 6. Nge2 O-O 7. O-O d6 8. d3
a6 9. h3 Ne8 10. Be3 f5 11. exf5 Bxf5 12. d4 cxd4 13. Nxd4 Bd7 14. Nd5 e6 15.
Nxc6 Bxc6 16. Nb6 Bxg2 17. Kxg2 Rb8 18. Qb3 Qf6 19. Nd7 Qf3+ 20. Kh2 Nf6 21.
Bf4 Qxb3 22. axb3 Nxd7 23. Bxd6 Rbe8 24. Bxf8 Kxf8 25. Rad1 Nc5 26. b4 Nb3 27.
Rd7 Re7 28. Rfd1 e5 29. Rd8+ Kf7 30. R1d7 Nd4 31. Rxe7+ Kxe7 32. Rb8 b5 33.
Rb7+ Kf6 34. c5 Bf8 35. c6 Ke6 36. c7 Kd7 37. Rb8 Kxc7 38. Rxf8 Kd6 39. Rd8+
Ke7 40. Rh8 Ke6 41. Rxh7 Kd5 42. Rc7 Ke4 43. Kg2 Kd3 44. h4 Ke4 45. Ra7 Nc2 46.
Rxa6 Kf5 47. Rc6 Nd4 48. Rc5 Ke4 49. Rc3 Nf5 50. Rc6 Ne7 51. Re6 Nd5 52. Rxg6
Nxb4 53. Rb6 Nc2 54. Rxb5 Ne1+ 55. Kf1 Nd3 56. h5 Kf5 57. Rb6 e4 58. h6 Ne5 59.
Rb5 1-0